00467caa a22001212a 4500001000900000003001100009008004300020100001800063245008000081300001600161500007500177773009300252 019095 AR-FADEU 311216n########xxu####################dd aGelman, Jorge aFronteras, estancias y saladeros : la expansión de la frontera bonaerense aPP. 510-520 aEn: Historia visual de la Argentina, cap. 38 / Buenos Aires : Clarín0 024801abdBuenos Aireso8258tHISTORIA visual de la Argentinaw( AR-FADEU) 019071xz